Vegan cooking for carnivores : (Record no. 509)

MARC details
000 -LEADER
fixed length control field 01048cam a22002654a 4500
005 - DATE AND TIME OF LATEST TRANSACTION
control field 20260322212023.0
008 - FIXED-LENGTH DATA ELEMENTS--GENERAL INFORMATION
fixed length control field data
010 ## - LIBRARY OF CONGRESS CONTROL NUMBER
LC control number 2011032684
020 ## - INTERNATIONAL STANDARD BOOK NUMBER
International Standard Book Number 9781609412425
040 ## - CATALOGING SOURCE
Original cataloging agency DLC
Transcribing agency DLC
Modifying agency DLC
042 ## - AUTHENTICATION CODE
Authentication code pcc
050 00 - LIBRARY OF CONGRESS CALL NUMBER
Classification number TX837
Item number .M23665 2012
082 00 - DEWEY DECIMAL CLASSIFICATION NUMBER
Classification number 641.5/636
Edition information 23
092 ## - LOCALLY ASSIGNED DEWEY CALL NUMBER (OCLC)
Classification number 641 M23665 2012
001 - CONTROL NUMBER
control field data
100 1# - MAIN ENTRY--PERSONAL NAME
Personal name Martin, Roberto.
Dates associated with a name 1973-
245 10 - TITLE STATEMENT
Title Vegan cooking for carnivores :
Remainder of title over 125 recipes so tasty you won't miss the meat /
Statement of responsibility, etc. Roberto Martin.
250 ## - EDITION STATEMENT
Edition statement 1st ed.
260 ## - PUBLICATION, DISTRIBUTION, ETC.
Place of publication, distribution, etc. New York :
Name of publisher, distributor, etc. Grand Central Life & Style,
Date of publication, distribution, etc. 2012.
300 ## - PHYSICAL DESCRIPTION
Extent ix, 229 p. :
Other physical details col. ill. ;
Dimensions 25 cm.
650 #0 - SUBJECT ADDED ENTRY--TOPICAL TERM
Topical term or geographic name entry element Vegan cooking.
906 ## - LOCAL DATA ELEMENT F, LDF (RLIN)
a 7
b cbc
c orignew
d 1
e ecip
f 20
g y-gencatlg
925 0# -
-- acquire
-- 2 shelf copies
-- policy default
955 ## - COPY-LEVEL INFORMATION (RLIN)
-- rd14 2011-09-01
-- re13 2012-06-29 Copy 1 Barcode 00288282274 to BCCD
-- tc12 2012-07-27 bib. update
-- rl02 2013-08-12 copy 2 to CALM; discard copy 3
Holdings
Withdrawn status Lost status Damaged status Not for loan Home library Current library Shelving location Date acquired Total checkouts Full call number Barcode Date last seen Price effective from Koha item type
        Fairview Fairview General stacks 22/03/2026   641.5/636 23 BC0010521 22/03/2026 22/03/2026 Books